<?xml version="1.0" encoding="UTF-8"?>
<record
    xmlns:xsi="http://www.w3.org/2001/XMLSchema-instance"
    xsi:schemaLocation="http://www.loc.gov/MARC21/slim http://www.loc.gov/standards/marcxml/schema/MARC21slim.xsd"
    xmlns="http://www.loc.gov/MARC21/slim">

  <leader>05519cam a22005414i 4500</leader>
  <controlfield tag="003">PE-LiUPU</controlfield>
  <controlfield tag="005">20250731165512.0</controlfield>
  <controlfield tag="008">180302s2014    ck a    r     000 0 spa d</controlfield>
  <datafield tag="020" ind1=" " ind2=" ">
    <subfield code="a">9789586829991</subfield>
  </datafield>
  <datafield tag="035" ind1=" " ind2=" ">
    <subfield code="a">(Sirsi) a241410</subfield>
  </datafield>
  <datafield tag="040" ind1=" " ind2=" ">
    <subfield code="a">PE-LiUPU</subfield>
    <subfield code="b">spa</subfield>
    <subfield code="c">PE-LiUPU</subfield>
    <subfield code="e">rda</subfield>
  </datafield>
  <datafield tag="049" ind1=" " ind2=" ">
    <subfield code="a">PRUA</subfield>
  </datafield>
  <datafield tag="082" ind1="0" ind2="4">
    <subfield code="a">006.76</subfield>
    <subfield code="b">M36</subfield>
    <subfield code="2">23</subfield>
  </datafield>
  <datafield tag="110" ind1="2" ind2=" ">
    <subfield code="a">MEDIAactive,</subfield>
    <subfield code="e">autor.</subfield>
  </datafield>
  <datafield tag="245" ind1="1" ind2="0">
    <subfield code="a">Aprender a programar Apps con HTML5, CSS y Javascript :</subfield>
    <subfield code="b">con 100 ejercicios pr&#xE1;cticos /</subfield>
    <subfield code="c">MEDIAactive.</subfield>
  </datafield>
  <datafield tag="246" ind1=" " ind2=" ">
    <subfield code="a">Programar Apps con HTML5, CSS y JavaScript</subfield>
  </datafield>
  <datafield tag="250" ind1=" " ind2=" ">
    <subfield code="a">Primera edici&#xF3;n.</subfield>
  </datafield>
  <datafield tag="264" ind1=" " ind2="1">
    <subfield code="a">Bogot&#xE1; :</subfield>
    <subfield code="b">Alfaomega,</subfield>
    <subfield code="c">2014.</subfield>
  </datafield>
  <datafield tag="300" ind1=" " ind2=" ">
    <subfield code="a">213 p&#xE1;ginas :</subfield>
    <subfield code="b">ilustraciones ;</subfield>
    <subfield code="c">24 cent&#xED;metros.</subfield>
  </datafield>
  <datafield tag="336" ind1=" " ind2=" ">
    <subfield code="a">text</subfield>
    <subfield code="2">rdacontent</subfield>
  </datafield>
  <datafield tag="337" ind1=" " ind2=" ">
    <subfield code="a">unmediated</subfield>
    <subfield code="2">rdamedia</subfield>
  </datafield>
  <datafield tag="338" ind1=" " ind2=" ">
    <subfield code="a">volume</subfield>
    <subfield code="2">rdacarrier</subfield>
  </datafield>
  <datafield tag="490" ind1="0" ind2=" ">
    <subfield code="a">Aprender-- con 100 ejercicios pr&#xE1;cticos</subfield>
  </datafield>
  <datafield tag="505" ind1="0" ind2=" ">
    <subfield code="a">Distinguir entre aplicaciones web y nativas -- Descargar e instalar google chrome -- Conocer el simulacro ripple de chrome -- Descargar eclipse y android SDK -- Descargar e instalar java y java JDK -- Descargar e instalar eclipse -- Descargar e instalar android SDK -- Descargar e instalar el plugin ADT de eclipse -- Administrar plataformas y otros componentes -- Configurar el simulador para android -- Crear una aplicaci&#xF3;n est&#xE1;ndar en eclipse -- Visualizar y ejecutar la aplicaci&#xF3;n -- Crear un proyecto de aplicaci&#xF3;n vac&#xED;o -- Descargar e instalar phonegap -- A&#xF1;adir archivos de phonegap al proyecto -- Preparar el proyecto para que lance la app -- Crear el archivo index.html -- Etiquetas HTML: h1, h2, h3... y &lt;p&gt; -- Etiquetas para crear listas: &lt;ul&gt; y &lt;li&gt; -- Etiquetas en l&#xED;nea: &lt;em&gt; -- La etiqueta de ancla &lt;a&gt; y el atributo href -- Guardar y visualizar un documento HTML -- Empezar a trabajar con estilos CSS -- Aplicar una hoja de estilos CSS -- Insetar estilos CSS en el documento HTML -- Utilizar una imagen como fondo de la app -- Estructurar pantallas mediante divs -- Agregar interactividad b&#xE1;sica con Javascript -- Asignar varias hojas de estilo a un documento -- Controlar la escala de la p&#xE1;gina para android -- Generar estilos CSS para android -- Aplicar una sombra al texto de la cabecera -- Crear un degradado en la cabecera -- Convertir una lista de men&#xFA; -- Transfromar el aspecto de un men&#xFA; -- Crear un bot&#xF3;n para ocultar y mostrar el men&#xFA; -- A&#xF1;adir interactividad al bot&#xF3;n men&#xFA; -- Crear el estado "pulsado" para un bot&#xF3;n -- Crear v&#xED;nculos a otras pantallas -- A&#xF1;adir una imagen en la cabecera -- Anular el aspecto de los v&#xED;nculos -- A&#xF1;adir una l&#xED;nea horizontal con CSS -- Modificar la proiedad 'border-top' -- A&#xF1;adir un bot&#xF3;n atr&#xE1;s -- Ajustar t&#xED;tulos demasiado largos -- Insertar y ajustar una imagen -- Crear formulario -- A&#xF1;adir un campo de opciones -- Crear un bot&#xF3;n hacia una nueva pantalla -- A&#xF1;adir un campo de fecha -- Completar lista autom&#xE1;ticamente -- Insertar un control deslizante o slider -- Dar formato a un slider -- Utilizar Jquery mobile -- Crear un filtro para buscar en una lista -- Insertar audio en la aplicai&#xF3;n -- Controlar la reproducci&#xF3;n del audio -- Grabar audio desde nuestra aplicaci&#xF3;n -- Descargar e instalar jQtouch -- Vincular jQtouch -- A&#xF1;adir un bot&#xF3;n + para crear nuevas entradas -- Generar el c&#xF3;digo para crear nuevas entradas -- Crear una pantalla de ajustes -- Almacenar datos en la aplicaci&#xF3;n -- Cargar valores existentes en un formulario -- Mostrar datos guardados en la app -- Crear una base de datos SQL -- Control las bases de datos en chrome -- Configurar la creaci&#xF3;n de nuevas entradas -- Configurar mensajes de error -- Probar el registro de entradas -- Mostrar entradas de la base de datos en la app -- Aplicar estilo a un conjunto de datos -- Eliminar datos registrados -- Crear un archivo de manifiesto din&#xE1;mico -- Vincular el archivo de manifiesto a la app -- Controlar la aplicaci&#xF3;n con Javascript -- Crear notificaciones -- Comprobar la funci&#xF3;n checkbudget() -- Activar la funci&#xF3;n de vibraci&#xF3;n del tel&#xE9;fono -- Activar la funci&#xF3;n de geolocalizaci&#xF3;n -- Actualizar la base de datos -- Mostrar un mapa de ubicaciones -- Duplicar una entrada agitando el dispositivo -- Duplicar una entrada agitando el dispositivo (II) -- Permitir hacer zoom con los dedos (HTML) -- Permitir hacer zoom con los dedos (CSS) -- Crear un dise&#xF1;o de pantalla flexible -- Preparar la aplicaci&#xF3;n para su distribuci&#xF3;n -- Preparar un icono para la aplicaci&#xF3;n -- A&#xF1;adir un icono a la pantalla de inicio -- compilar y registrar la aplicaci&#xF3;n -- Subir la aplicaci&#xF3;n a google play -- Distribuir la aplicaci&#xF3;n fuera de google play -- Crear un c&#xF3;gido QR para descargar la app.</subfield>
  </datafield>
  <datafield tag="526" ind1=" " ind2=" ">
    <subfield code="a">SEG44</subfield>
  </datafield>
  <datafield tag="526" ind1=" " ind2=" ">
    <subfield code="a">SEG26</subfield>
  </datafield>
  <datafield tag="526" ind1=" " ind2=" ">
    <subfield code="a">P151</subfield>
  </datafield>
  <datafield tag="526" ind1=" " ind2=" ">
    <subfield code="a">P150</subfield>
  </datafield>
  <datafield tag="526" ind1=" " ind2=" ">
    <subfield code="a">P149</subfield>
  </datafield>
  <datafield tag="526" ind1=" " ind2=" ">
    <subfield code="a">P146</subfield>
  </datafield>
  <datafield tag="526" ind1=" " ind2=" ">
    <subfield code="a">P145</subfield>
  </datafield>
  <datafield tag="526" ind1=" " ind2=" ">
    <subfield code="a">P126</subfield>
  </datafield>
  <datafield tag="526" ind1=" " ind2=" ">
    <subfield code="a">P125</subfield>
  </datafield>
  <datafield tag="526" ind1=" " ind2=" ">
    <subfield code="a">P92</subfield>
  </datafield>
  <datafield tag="526" ind1=" " ind2=" ">
    <subfield code="a">P75</subfield>
  </datafield>
  <datafield tag="526" ind1=" " ind2=" ">
    <subfield code="a">P74</subfield>
  </datafield>
  <datafield tag="526" ind1=" " ind2=" ">
    <subfield code="a">P27</subfield>
  </datafield>
  <datafield tag="526" ind1=" " ind2=" ">
    <subfield code="a">P15</subfield>
  </datafield>
  <datafield tag="541" ind1=" " ind2=" ">
    <subfield code="g">001-0042353;</subfield>
  </datafield>
  <datafield tag="650" ind1="0" ind2="4">
    <subfield code="a">HTML (Lenguaje de marcas)</subfield>
    <subfield code="2">embne</subfield>
  </datafield>
  <datafield tag="650" ind1="0" ind2="4">
    <subfield code="a">Hojas de estilo en cascada</subfield>
    <subfield code="2">embne</subfield>
  </datafield>
  <datafield tag="650" ind1="0" ind2="4">
    <subfield code="a">JavaScript (Lenguaje de programaci&#xF3;n)</subfield>
    <subfield code="2">embne</subfield>
  </datafield>
  <datafield tag="910" ind1=" " ind2=" ">
    <subfield code="a">dbm</subfield>
    <subfield code="b">ncf</subfield>
    <subfield code="c">ncf</subfield>
    <subfield code="d">20180302</subfield>
  </datafield>
  <datafield tag="942" ind1=" " ind2=" ">
    <subfield code="2">ddc</subfield>
    <subfield code="c">BOOK</subfield>
  </datafield>
  <datafield tag="994" ind1=" " ind2=" ">
    <subfield code="a">C0</subfield>
    <subfield code="b">PEPRU</subfield>
  </datafield>
  <datafield tag="596" ind1=" " ind2=" ">
    <subfield code="a">1</subfield>
  </datafield>
  <datafield tag="999" ind1=" " ind2=" ">
    <subfield code="a">006.76 M36</subfield>
    <subfield code="w">DEWEY</subfield>
    <subfield code="c">27049</subfield>
    <subfield code="i">78309</subfield>
    <subfield code="d">27049</subfield>
    <subfield code="e">2019-4-26</subfield>
    <subfield code="f">2021-11-9</subfield>
    <subfield code="g">4</subfield>
    <subfield code="l">CCODEBUL1</subfield>
    <subfield code="m">BUL</subfield>
    <subfield code="n">3</subfield>
    <subfield code="p">19.02</subfield>
    <subfield code="q">1</subfield>
    <subfield code="r">0</subfield>
    <subfield code="s">Y</subfield>
    <subfield code="t">BOOK</subfield>
    <subfield code="u">2018-3-2</subfield>
    <subfield code="x">INGENIERIA</subfield>
    <subfield code="P">P27</subfield>
    <subfield code="0">COMPRA</subfield>
    <subfield code="o">.STAFF. Colecci&#xF3;n Ingenier&#xED;a y Arquitectura</subfield>
  </datafield>
  <datafield tag="980" ind1=" " ind2=" ">
    <subfield code="8">1</subfield>
    <subfield code="g">ALBERTO SANCHEZ Responsable de Automatizaci&#xF3;n</subfield>
  </datafield>
  <datafield tag="952" ind1=" " ind2=" ">
    <subfield code="r">2025-12-02 00:00:00</subfield>
    <subfield code="i">5</subfield>
    <subfield code="l">4</subfield>
    <subfield code="o">006.76 M36</subfield>
    <subfield code="p">78309</subfield>
    <subfield code="s">2024-08-15</subfield>
    <subfield code="t">e1</subfield>
    <subfield code="v">24.02</subfield>
    <subfield code="w">2018-03-02</subfield>
    <subfield code="x">FIA</subfield>
    <subfield code="y">BK</subfield>
    <subfield code="z">inventario-2023-12-13</subfield>
    <subfield code="1">0</subfield>
    <subfield code="2">ddc</subfield>
    <subfield code="5">0</subfield>
    <subfield code="7">0</subfield>
    <subfield code="8">GEN</subfield>
    <subfield code="f">P27</subfield>
    <subfield code="a">BUL</subfield>
    <subfield code="b">BUL</subfield>
    <subfield code="c">GEN</subfield>
    <subfield code="d">2018-03-02</subfield>
    <subfield code="e">COMPRA</subfield>
    <subfield code="g">19.02</subfield>
  </datafield>
</record>
